000 00892nam a22002177a 4500
999 _c17286
_d17286
003 AR-CdUCM
008 190312b ||||| |||| 00| 0 spa d
040 _aMUNICIPALIDAD PROVINCIAL DEL CUSCO
_cBIBLIOTECA MUNICIPAL DEL CUSCO
082 _26ed.
_a869.008 /
_bM798 / 1957
100 _aMontoliu, Manuel de
_916312
245 _aManual de historia de la Literatura castellana /
260 _aBarcelona :
_bEditorial Cervantes,
_c1957.
300 _a605 páginas ;
_c20 cm.
505 _aContenido: Época Medieval. Desde el siglo X hasta el reinado de Alfonso X El Sabio (1252) -- Época Medieval. Segundo periodo. Desde Alfonso X hasta Juan II (1252-1405) -- El prerrenacimiento. Reinado de Juan II (1419-1454)...
650 _aProsa
_92210
650 _aLiteratura estoica
_916313
650 _aPoesía
_9139
650 _aNovela
_95
942 _2ddc
_cLIBROS
945 _adavv
_d08/05/2019